000 01198nam a2200313 i 4500
003 EG-GICUC
005 20260513215836.0
008 260513s1934 ua ||||fr|||| 00| 0 ara d
040 _a EG-GICUC
_bara
_c EG-GICUC
_d EG-GICUC
_erda
041 0 _aara
082 0 4 _221
_a345.4
_bع ب . د
092 0 4 _221
099 _aLaw1 07 345.4 ع ب . د 1934
100 0 _aعبد الحميد كمال حشيش
_eمؤلف.
240 _a
245 1 0 _aدراسات فى الوظيفة العامة فى النظام الفرنسى /
_cتأليف دكتور عبد الحميد كمال حشيش.
264 4 _aالقاهرة :
_bدار النهضة العربية,
_c1934.
300 _a249 ؛ صفحة
_c24 سم
336 _2rda content
_atext
337 _2rda media
_aComputer
338 _2rda carrier
_aOnline Resource
504 _aيشتمل علي ارجاعات ببليوجرافية
546 _aالنص باللغة العربية
650 1 4 _aالقانون الإداري
_2qrmak
651 1 _2qrmak
856 4 0 _uhttps://fll.law.cu.edu.eg/fulltext/bks/B07-04305.pdf
905 _a47
942 _2ddc
_cBK
_e21
_n0
999 _c76858
_d76858